000 00728nam a2200193Ii 4500
003 JO-AjNU
008 230605s9999||||xx |||||||||||||| ||und||
040 _aJO-AjNU
_bara
_erda
_cJO-AjNU
041 _aara
050 1 4 _aBP184.7
100 3 _aتقديم وتعليق: بن سنان، علي بن محمد ,
_eauthor
_916712
245 0 0 _aحجة خير العباد المجرد من زاد المعاد
264 3 1 _aالمدينة المنورة: دار الكتاب الاسلامي، د.ت
300 _a300ص
336 _atext
_btxt
_2rdacontent
337 _aunmediated
_bn
_2rdamedia
338 _avolume
_bnc
_2rdacarrier
650 4 _aالحج- العبادات- فقه اسلامي- السيرة النبوية
_916713
999 _aA5014
_c8582
_d8582